El concepto de la historia y otros ensayos

Uloženo v:
Podrobná bibliografie
Hlavní autor: Huizinga, Johan
Médium: Kniha
Jazyk:španělština
Vydáno: Fondo de Cultura Económica. 1946.
Témata:
Tagy: Přidat tag
Žádné tagy, Buďte první, kdo vytvoří štítek k tomuto záznamu!

MARC

LEADER 00000nam a22000005a 4500
001 7760
003 CL-ChBUA
005 20120815103039.0
008 070301s1946 mx 000 0 spa
040 |a CL-ChBUA  |c CL-ChBUA 
082 0 0 |a 901 
090 |c 7760  |d 7760 
100 1 |a Huizinga, Johan. 
245 1 0 |a El concepto de la historia y otros ensayos 
260 |b Fondo de Cultura Económica.  |c 1946. 
300 |a 452 p.  |c 21 cm. 
504 |a Indice. 
650 4 |a HISTORIA - FILOSOFIA. 
942 |c LIB 
952 |0 0  |1 0  |2 ddc  |4 0  |6 901_H_911000000000000  |7 0  |9 11522  |a UNACH  |b UNACH  |c 900  |d 2007-03-05  |i 20.513  |l 2  |o 901 / H 911  |p 12521  |r 2026-03-26 16:31:08  |s 2019-06-25  |t 1  |w 2012-08-08  |y LIB 
952 |0 0  |1 0  |2 ddc  |4 0  |6 901_H_911000000000000  |7 0  |9 11523  |a UNACH  |b UNACH  |c 900  |d 2007-03-05  |i 20.552  |l 5  |m 2  |o 901 / H 911  |p 12522  |r 2024-08-21 00:00:00  |s 2024-08-14  |t 2  |w 2012-08-08  |y LIB 
952 |0 0  |1 0  |2 ddc  |4 0  |6 901_H_911000000000000  |7 0  |9 1140840  |a UNACH  |b UNACH  |c 900  |d 2014-06-16  |i 53.276  |l 9  |m 8  |o 901 / H 911  |p 78747  |r 2026-03-24 13:27:41  |s 2026-03-24  |t 3  |w 2014-06-16  |y LIB 
999 |c 7760  |d 7760